Pridelenci obrany a ich postavenie v súčasnom systéme diplomacie

Pridelenci obrany sú etablovanou súčasťou systému diplomatických inštitúcií štátov minimálne od obdobia prvej svetovej vojny a sú pravdepodobne najstarším typom špecializovaných diplomatov, či tzv. odborných pridelencov, ktorí začali pôsobiť na diplomatických misiách. Súčasné postavenie pridelencov...

Descrizione completa

Salvato in:
Dettagli Bibliografici
Autore principale: Pajtinka, Erik
Natura: Capitolo di libro
Lingua:slovacco
Soggetti:
Tags: Aggiungi Tag
Nessun Tag, puoi essere il primo ad aggiungerne!!

MARC

LEADER 00000naa a2200000 4500
001 0259876
005 20221104112133.1
041 0 |a slo 
044 |a SK 
245 1 0 |a Pridelenci obrany a ich postavenie v súčasnom systéme diplomacie  |c Erik Pajtinka 
520 |a Pridelenci obrany sú etablovanou súčasťou systému diplomatických inštitúcií štátov minimálne od obdobia prvej svetovej vojny a sú pravdepodobne najstarším typom špecializovaných diplomatov, či tzv. odborných pridelencov, ktorí začali pôsobiť na diplomatických misiách. Súčasné postavenie pridelencov obrany v rámci systému diplomatických inštitúcií, ako aj niektoré špecifiká tejto osobitnej kategórie diplomatov, a to predovšetkým s dôrazom na spôsob ich menovania a organizácie v prijímajúcich štátoch. 
610 2 0 |a diplomacia 
610 2 0 |a diplomati 
610 2 0 |a história 
610 2 0 |a obrana štátu 
610 2 0 |a politika zahraničná 
100 1 |a Pajtinka, Erik